[Event "ITA-ch U20"]
[Site "Bratto"]
[Date "2005.08.27"]
[Round "8"]
[White "Salafia, Andrea"]
[Black "Tomassini, Ubaldo"]
[Result "0-1"]
[WhiteElo "1724"]
[BlackElo "1772"]
[PlyCount "68"]
[EventDate "2005.08.20"]
[EventType "swiss"]
[EventRounds "9"]
[EventCountry "ITA"]
[SourceTitle "EXT 2006"]
[Source "ChessBase"]
[SourceDate "2005.11.24"]
[SourceVersion "1"]
[SourceVersionDate "2005.11.24"]
[SourceQuality "1"]

1. d4 Nf6 2. Nf3 g6 3. c4 Bg7 4. Nc3 d6 5. e4 0-0 6. Be2 e5 7. 0-0 exd4 8. Nxd4 Nc6 9. Nxc6 bxc6 10. Bf3 Nd7 11. Be2 Nc5 12. f3 Ne6 13. Be3 c5 14. Qd2 Bb7 15. Rfd1 Re8 16. Bf1 Qe7 17. Ne2 Rad8 18. Nf4 Nd4 19. Ne2 Nxe2+ 20. Bxe2 d5 21. cxd5 Bxd5 22. Bg5 Bd4+ 23. Be3 Bxe4 24. fxe4 Qxe4 25. Bxd4 Rxd4 26. Bd3 Qd5 27. Qc2 c4 28. Be2 c5 29. Rxd4 Qxd4+ 30. Kf1 Qf4+ 31. Bf3 Qxh2 32. Qf2 Re5 33. Rd1 h5 34. Rd5 Qh1+ 0-1

[Event "ITA-ch U20"]
[Site "Bratto"]
[Date "2005.08.24"]
[Round "5"]
[White "Tomassini, Ubaldo"]
[Black "Ferrante, Marco"]
[Result "0-1"]
[WhiteElo "1772"]
[BlackElo "2113"]
[PlyCount "80"]
[EventDate "2005.08.20"]
[EventType "swiss"]
[EventRounds "9"]
[EventCountry "ITA"]
[SourceTitle "EXT 2006"]
[Source "ChessBase"]
[SourceDate "2005.11.24"]
[SourceVersion "1"]
[SourceVersionDate "2005.11.24"]
[SourceQuality "1"]

1. e4 e6 2. d4 d5 3. exd5 exd5 4. Nf3 Bd6 5. Bd3 Bg4 6. c3 c6 7. Be3 Qc7 8. Nbd2 Nd7 9. Qc2 Ngf6 10. Nh4 0-0-0 11. h3 Be6 12. 0-0-0 Nh5 13. Ndf3 Nf4 14. g3 Nxd3+ 15. Qxd3 g6 16. Rde1 h5 17. Ng5 Rde8 18. Re2 Nf6 19. Rhe1 Ne4 20. Ng2 Bf5 21. Qd1 Nxg5 22. Bxg5 Rxe2 23. Qxe2 Bxh3 24. Nf4 Bg4 25. Qe3 Bd7 26. Nd3 Re8 27. Ne5 Bf5 28. Qd2 Bxe5 29. f4 Kd7 30. fxe5 Qa5 31. b3 Qa3+ 32. Qb2 Qxb2+ 33. Kxb2 Rc8 34. Rc1 c5 35. a3 Ke6 36. b4 cxb4 37. cxb4 Rxc1 38. Kxc1 Be4 39. Kd2 Kf5 40. Ke3 Kxg5 0-1